Ley, jurisprudencia y derecho en hispania romana y visigoda

Salvato in:
Dettagli Bibliografici
Autore principale: Morales Arrizabalaga, Jesús (autor)
Natura: Libro
Lingua:spagnolo
Pubblicazione: Zaragoza Prensas Universitarias de Zaragoza 1995
Serie:Textos Docentes, 45
Soggetti:
Tags: Aggiungi Tag
Nessun Tag, puoi essere il primo ad aggiungerne!!

MARC

LEADER 00000nam a2200000 a 4500
001 UCR2875
003 CL-VaPUC
008 980116e19950000SP |||||||||||||||||spa|d
082 0 4 |a 349.46  |b MOR  |2 21 
100 |a Morales Arrizabalaga, Jesús  |e autor  |9 401344 
245 1 0 |a Ley, jurisprudencia y derecho en hispania romana y visigoda 
300 |a 191 p 
942 |c BK 
945 |d 19980116 00:00:00  |a aolguin 
260 |a Zaragoza  |b Prensas Universitarias de Zaragoza  |c 1995 
650 0 |a Derecho español  |9 255291 
650 7 |a TRATADOS  |2 CL-VaPUC  |9 401345 
650 0 |a Manuales  |9 257144 
650 7 |a ESPAÑA HISTORIA  |2 CL-VaPUC  |9 401346 
650 0 |a Jurisprudencia  |9 255952 
651 0 |a España  |9 254926 
583 |a last modification  |c 19980116 00:00:00  |k Rodrigo Vera 
490 0 |a Textos Docentes, 45 
999 |c 265997  |d 265995 
952 |0 0  |1 0  |4 0  |6 349_460000000000000_MOR_1995  |7 0  |8 DER_HIS  |9 297270  |a BIBDER  |b BIBDER  |d 2019-11-20  |i 192446K  |o 349.46 MOR 1995  |p 192446K  |r 2023-01-25  |w 2019-11-20  |x Ubicación 4to Piso  |y BK  |z Estos recursos deben solicitarse con anticipación  |k DER